00308 a2200133 450000100060000002000150000604000240002110000290004524000290007424500240010330000070012736200090013465000310014370089 a8534505152 cAnchieta - Itaigara aOliveira, Sueli Ferreira10aO tesouro escondidolpor10aO tesouro escondido a150 a1998 4aLiteratura infanto-juvenil